| 000 | 00478nam a2200169 a 4500 | ||
|---|---|---|---|
| 005 | 20140412111240.0 | ||
| 008 | 010710s19uu xx 00 eng d | ||
| 020 | _a0-698-11438-8 | ||
| 050 |
_aTR(PS E _bAB1 1997 |
||
| 100 | _aGa'g, Wanda | ||
| 245 |
_aABC bunny (The) / _cby Wanda Ga'g. |
||
| 260 |
_aNew York : _bThe Putnam Berkley Group, Inc, _c1961. |
||
| 300 | _a1v. (unp.) ; ill. | ||
| 500 | _aa John Newberry Medal Honor Book | ||
| 650 | _aAlphabets | ||
| 999 |
_c102659 _d102659 |
||